Countries Beginning With N-Sprint - Statistics

General Stats
  • This quiz has been taken 40 times
  • The average score is 8 of 10
Answer Stats
Answer % Correct
Norway
97%
Namibia
94%
Nicaragua
94%
Niger
83%
Nigeria
83%
North Korea
83%
New Zealand
80%
Nauru
77%
Netherlands
77%
Nepal
69%
No matching quizzes found
Score Distribution
Percent of People with Each Score
Percentile by Number Answered
Your Score History
You have not taken this quiz